[Event "World Rapid 2022"]
[Site "Almaty KAZ"]
[Date "2022.12.28"]
[Round "10.30"]
[White "Anton Guijarro, David"]
[Black "Ter-Sahakyan, Samvel"]
[Result "1/2-1/2"]
[WhiteTitle "GM"]
[BlackTitle "GM"]
[WhiteElo "2675"]
[BlackElo "2605"]
[WhiteFideId "2285525"]
[BlackFideId "13302531"]
[EventDate "2022.12.26"]

1. e4 c5 2. Nf3 d6 3. Bb5+ Nd7 4. c3 Nf6 5. Bd3 e6 6. O-O d5 7. exd5 Nxd5 8. Bc2
g6 9. Bb3 Be7 10. d4 O-O 11. Re1 b6 12. Bh6 Re8 13. Ba4 Ba6 14. Na3 Bf8 15. Bxf8
Rxf8 16. Bc6 Rc8 17. Bxd5 exd5 18. Qd2 Nf6 19. Qf4 Ne4 20. Rad1 Qc7 21. Qh6 Rfe8
22. Nc2 Bb7 23. Ne3 Qd6 24. dxc5 bxc5 25. Nxd5 Bxd5 26. c4 Qf6 27. cxd5 Qxb2 28.
Rxe4 Rxe4 29. Ng5 Re7 30. d6 Rb7 31. Qxh7+ Kf8 32. h3 Qg7 33. Qh4 Kg8 34. d7 Rd8
35. Ne6 Rdxd7 36. Nxg7 Rxd1+ 37. Kh2 Kxg7 38. Qe4 Rbd7 39. Qe5+ Kh7 40. Qxc5
R1d2 41. a4 R2d5 42. Qc6 R5d6 43. Qc8 a5 44. Qa8 Rd5 45. g3 Rf5 46. Kg2 Rd2 47.
Qa7 Ra2 48. Qd4 g5 49. h4 Kg6 50. h5+ Kh7 51. g4 Rf4 52. Qd3+ Kh6 53. Qd6+ Kh7
54. Qd3+ Kg7 55. Qc3+ Kg8 56. Kg3 Raxf2 57. Qc6 Kg7 58. Qc3+ Kh7 59. Qd3+ Kg7
60. Qd5 Kh7 61. Qd3+ Kh6 62. Qa6+ Kh7 63. Qd3+ Kh6 64. Qa6+ 1/2-1/2

[Event "World Rapid 2022"]
[Site "Almaty KAZ"]
[Date "2022.12.28"]
[Round "10.31"]
[White "Kobalia, Mikhail"]
[Black "Andriasian, Zaven"]
[Result "1-0"]
[WhiteTitle "GM"]
[BlackTitle "GM"]
[WhiteElo "2577"]
[BlackElo "2580"]
[WhiteFideId "4119150"]
[BlackFideId "13302000"]
[EventDate "2022.12.26"]

1. e4 c5 2. Nf3 d6 3. Bb5+ Nc6 4. O-O Bd7 5. Re1 Nf6 6. c3 a6 7. Bf1 Bg4 8. h3
Bxf3 9. Qxf3 e6 10. d3 d5 11. Bf4 Be7 12. e5 Nd7 13. Nd2 Qc7 14. Qe2 g5 15. Bg3
h5 16. d4 g4 17. dxc5 h4 18. Bf4 gxh3 19. b4 Rg8 20. Kh1 hxg2+ 21. Bxg2 h3 22.
Bf3 Bf6 23. Bh5 Bxe5 24. Nf3 O-O-O 25. Nxe5 Ndxe5 26. Bxe5 Nxe5 27. Qxe5 Qe7 28.
Qf4 h2 29. Bxf7 Rgf8 30. Bxe6+ Qxe6 31. Qxf8 Qxe1+ 32. Rxe1 Rxf8 33. Kg2 Kd7 34.
Rh1 Rg8+ 35. Kxh2 Kc6 36. Rd1 a5 37. a3 a4 38. f4 Re8 39. Rd3 Re1 40. Kg2 Ra1
41. f5 Rxa3 42. f6 Ra2+ 43. Kg3 Ra1 44. f7 Rg1+ 45. Kf2 1-0

[Event "World Rapid 2022"]
[Site "Almaty KAZ"]
[Date "2022.12.28"]
[Round "10.32"]
[White "Shimanov, Aleksandr"]
[Black "Yilmaz, Mustafa"]
[Result "1/2-1/2"]
[WhiteTitle "GM"]
[BlackTitle "GM"]
[WhiteElo "2581"]
[BlackElo "2617"]
[WhiteFideId "4198603"]
[BlackFideId "6302718"]
[EventDate "2022.12.26"]

1. e4 e5 2. Nf3 Nc6 3. Bb5 a6 4. Ba4 Nf6 5. Nc3 Bc5 6. O-O O-O 7. Bxc6 dxc6 8.
d3 Qe7 9. Ne2 Bg4 10. Kh1 Bxf3 11. gxf3 Nh5 12. Ng3 Qh4 13. Qe1 Rae8 14. Be3 Re6
15. Rg1 Nxg3+ 16. fxg3 Qe7 17. Rf1 Bxe3 18. Qxe3 Qb4 19. b3 Qc3 20. Rac1 c5 21.
Rf2 Qd4 22. Qd2 b5 23. Rcf1 Rd8 24. Qe1 c4 25. dxc4 bxc4 26. Qa5 Rd7 27. Kg2 h5
28. Re2 Rc6 29. Qe1 cxb3 30. axb3 Rc3 31. Rff2 Qc5 32. Rd2 Rd6 33. Rxd6 cxd6 34.
Qd2 g6 35. Qd1 Kg7 36. h4 a5 37. Rd2 Qc6 38. Qe2 a4 39. bxa4 Qxa4 40. Qf2 Qc4
41. Kh2 Qc6 42. Kg2 Rc5 43. Qe2 Rc3 44. Qd1 Qc4 45. Rf2 Qc5 46. Qd2 Rc4 47. Qd3
Rd4 48. Qe3 Qa5 49. c3 Rd1 50. Rd2 Qc5 51. Qxc5 Rxd2+ 52. Qf2 Rxf2+ 53. Kxf2 f5
54. Ke3 Kf6 55. c4 Ke6 56. Kf2 fxe4 57. fxe4 Kd7 58. Ke3 Kc6 59. Kd2 Kb6 60. Kc2
Kc6 61. Kd2 Kb6 62. Kc2 1/2-1/2

[Event "World Rapid 2022"]
[Site "Almaty KAZ"]
[Date "2022.12.28"]
[Round "10.33"]
[White "Kovalev, Vladislav"]
[Black "Paravyan, David"]
[Result "1/2-1/2"]
[WhiteTitle "GM"]
[BlackTitle "GM"]
[WhiteElo "2623"]
[BlackElo "2586"]
[WhiteFideId "13504398"]
[BlackFideId "4194985"]
[EventDate "2022.12.26"]

1. e4 e5 2. Nf3 Nf6 3. Nxe5 d6 4. Nf3 Nxe4 5. Bd3 d5 6. Qe2 Be7 7. Bxe4 dxe4 8.
Qxe4 O-O 9. O-O Re8 10. d4 Bf6 11. Qd3 c5 12. Be3 Nc6 13. c3 Bg4 14. Nbd2 cxd4
15. Nxd4 Nxd4 16. cxd4 Qd5 17. Qb3 Rad8 18. Qxd5 Rxd5 19. Nb3 Rb5 20. Rfc1 Be6
21. Rc5 Rb4 22. Ra5 Bxb3 23. axb3 a6 24. Rd1 Bxd4 25. Ra4 Rxa4 26. bxa4 Bxe3 27.
fxe3 Kf8 28. Rd7 b6 29. Rb7 Re4 30. Rxb6 Rxa4 31. Kf2 a5 32. Kf3 Ra1 33. b4 axb4 1/2-1/2

[Event "World Rapid 2022"]
[Site "Almaty KAZ"]
[Date "2022.12.28"]
[Round "10.34"]
[White "Cheng, Bobby"]
[Black "Donchenko, Alexander"]
[Result "0-1"]
[WhiteTitle "GM"]
[BlackTitle "GM"]
[WhiteElo "2583"]
[BlackElo "2636"]
[WhiteFideId "4300033"]
[BlackFideId "24603295"]
[EventDate "2022.12.26"]

1. d4 Nf6 2. c4 e6 3. g3 c5 4. Nf3 cxd4 5. Nxd4 Qb6 6. Nc3 Nc6 7. Nf3 Bb4 8. Be3
Bxc3+ 9. bxc3 Qa5 10. Qc2 Ng4 11. Bc1 Qc5 12. e3 b6 13. Nd2 Bb7 14. Bg2 Na5 15.
Bxb7 Nxb7 16. Qe4 Qc6 17. a4 Qxe4 18. Nxe4 Rc8 19. a5 bxa5 20. Ba3 f5 21. Nd2
Ne5 22. Rb1 Nd8 23. Bd6 Nxc4 24. Nxc4 Rxc4 25. Rb8 Rc6 26. Ba3 Rxc3 27. Bb2 Rc4
28. Ba3 Ra4 29. Rb3 Nc6 30. Ke2 Kf7 31. Rd1 Rd8 32. Bd6 Ke8 33. Rb7 Ra2+ 34. Kf1
Rc2 35. g4 fxg4 36. Bc7 Rc8 37. Bg3 Rd8 38. Bc7 Rc8 39. Bg3 d5 40. Rxg7 a4 41.
Rxg4 a3 42. Ra4 a2 43. Kg2 Kd7 44. Ra1 a5 45. R1xa2 Rxa2 46. Rxa2 Ra8 47. Ra4
Nb4 48. Kf3 Kc6 49. Ke2 Kb5 50. Ra3 a4 51. Be5 Rc8 52. Bc3 Nc2 53. Ra2 Rxc3 54.
Kd2 Nb4 0-1

[Event "World Rapid 2022"]
[Site "Almaty KAZ"]
[Date "2022.12.28"]
[Round "10.35"]
[White "Tin, Jingyao"]
[Black "Sindarov, Javokhir"]
[Result "0-1"]
[WhiteTitle "GM"]
[BlackTitle "GM"]
[WhiteElo "2562"]
[BlackElo "2654"]
[WhiteFideId "5804418"]
[BlackFideId "14205483"]
[EventDate "2022.12.26"]

1. d4 Nf6 2. c4 g6 3. Nc3 Bg7 4. e4 d6 5. Nf3 O-O 6. Be2 c5 7. d5 e6 8. O-O exd5
9. cxd5 Bg4 10. Nd2 Bxe2 11. Qxe2 Nbd7 12. a4 Re8 13. f3 Nh5 14. Nc4 Ne5 15. g4
Nxc4 16. Qxc4 Nf6 17. Bg5 a6 18. Rae1 Qb6 19. Bc1 Rac8 20. g5 Nd7 21. f4 Qb4 22.
Qe2 c4 23. Qf3 Nc5 24. f5 Nd3 25. f6 Nxe1 26. Rxe1 Bf8 27. h4 b5 28. h5 Qb3 29.
hxg6 hxg6 30. Kg2 b4 31. Nd1 c3 32. bxc3 Qc2+ 33. Nf2 Rxc3 34. Be3 b3 35. Rh1
Re5 36. Qf4 Qe2 37. Bd4 Rc2 38. Bxe5 dxe5 39. Qh4 Qh5 40. Qg3 Qxh1+ 41. Kxh1 b2 0-1

[Event "World Rapid 2022"]
[Site "Almaty KAZ"]
[Date "2022.12.28"]
[Round "10.36"]
[White "Yudin, Sergei"]
[Black "Najer, Evgeniy"]
[Result "1/2-1/2"]
[WhiteTitle "GM"]
[BlackTitle "GM"]
[WhiteElo "2469"]
[BlackElo "2662"]
[WhiteFideId "4159659"]
[BlackFideId "4118987"]
[EventDate "2022.12.26"]

1. e4 e5 2. Nf3 Nc6 3. Bc4 Nf6 4. d3 Bc5 5. O-O d6 6. c3 a6 7. a4 O-O 8. Nbd2
Ba7 9. h3 Be6 10. Re1 Qd7 11. Nf1 Bxc4 12. dxc4 Nh5 13. Nxe5 Nxe5 14. Qxh5 f5
15. Be3 Bxe3 16. Nxe3 fxe4 17. Nd5 Nxc4 18. Rxe4 Ne5 19. f4 Ng6 20. Rae1 Rae8
21. Qe2 Rxe4 22. Qxe4 c6 23. Nb6 Qf7 24. g3 h5 25. h4 Ne5 26. fxe5 Qf2+ 27. Kh1
Qxg3 28. exd6 Qh3+ 29. Kg1 Qg3+ 30. Kh1 Qh3+ 1/2-1/2

[Event "World Rapid 2022"]
[Site "Almaty KAZ"]
[Date "2022.12.28"]
[Round "10.37"]
[White "Lazavik, Denis"]
[Black "Adly, Ahmed"]
[Result "1/2-1/2"]
[WhiteTitle "GM"]
[BlackTitle "GM"]
[WhiteElo "2537"]
[BlackElo "2596"]
[WhiteFideId "13515110"]
[BlackFideId "10601619"]
[EventDate "2022.12.26"]

1. d4 Nf6 2. c4 c6 3. Nf3 d5 4. e3 e6 5. b3 Nbd7 6. Bd3 Bd6 7. Bb2 Ne4 8. O-O
Qc7 9. Nc3 f5 10. c5 Be7 11. b4 Bf6 12. Rc1 O-O 13. Ne2 a5 14. a3 axb4 15. axb4
b6 16. Nf4 Re8 17. Nh5 Bd8 18. Qe2 g6 19. Nf4 Bf6 20. cxb6 Qxb6 21. Rc2 Ra2 22.
b5 cxb5 23. Bxb5 Nd6 24. Rxc8 Rxc8 25. Bxd7 Rxb2 26. Qd1 Rb8 27. Bxe6+ Kg7 28.
Bxd5 Rb1 29. Qd3 Qb5 30. g3 Qxd3 31. Nxd3 Ne4 32. Rxb1 Rxb1+ 33. Kg2 Nc3 34. Bc4
g5 35. Be6 Kg6 36. h4 gxh4 37. Nf4+ Kh6 38. gxh4 Rb2 39. Nd3 Rb5 40. Bd7 Ra5 41.
Nfe5 Bxe5 42. dxe5 Kg6 43. Nf4+ Kg7 44. Nd3 Kg6 45. Kf3 h6 46. Nf4+ Kg7 47. Bxf5
Rxe5 48. Bd3 Ra5 49. Kg3 Kf6 50. Kg4 Nd1 51. Kf3 Nc3 52. Ne2 Nd5 53. Be4 Ke5 54.
Nd4 Ra6 55. Bd3 Ra8 56. Bc4 Nc3 57. Kg2 Rf8 58. Nf3+ Kf5 59. Bd3+ Kf6 60. Nd4
Nd5 61. Bc4 Ke5 62. Nf3+ Kd6 63. Nd2 Ke5 64. Bxd5 Kxd5 65. f4 Re8 66. Kf3 h5 67.
Nf1 Rg8 68. e4+ Ke6 69. Ne3 Rg1 70. Nf5 Rg4 71. Nd4+ Kf7 72. Nf5 Kf6 73. Ke3 Kg6
74. Kf3 Kf6 75. Ke3 Kg6 76. Kf3 1/2-1/2

[Event "World Rapid 2022"]
[Site "Almaty KAZ"]
[Date "2022.12.28"]
[Round "10.38"]
[White "Pranav, V"]
[Black "Predke, Alexandr"]
[Result "1/2-1/2"]
[WhiteTitle "GM"]
[BlackTitle "GM"]
[WhiteElo "2545"]
[BlackElo "2684"]
[WhiteFideId "25060783"]
[BlackFideId "24107581"]
[EventDate "2022.12.26"]

1. e4 c5 2. Nf3 e6 3. d4 cxd4 4. Nxd4 a6 5. Nc3 b5 6. Bd3 Bb7 7. O-O Nc6 8. Nxc6
Bxc6 9. Re1 Ne7 10. e5 Ng6 11. Qh5 Qh4 12. Qxh4 Nxh4 13. Ne4 Be7 14. f3 O-O 15.
Bg5 Bxg5 16. Nxg5 f5 17. exf6 gxf6 18. Ne4 Kf7 19. Kf2 f5 20. Nc5 a5 21. a4 bxa4
22. Nxa4 Rfb8 23. b3 Ng6 24. Nc5 Nf4 25. Bc4 Ke7 26. Rad1 a4 27. Rd4 axb3 28.
Bxb3 Ra5 29. Nxd7 Rxb3 30. Rxf4 Rc3 31. Ne5 Rxc2+ 32. Kg3 Be8 33. Rh4 Bg6 34.
Rb4 Raa2 35. Rb7+ Kf6 36. Nd7+ Kg5 37. h4+ Kh6 38. Rg1 Re2 39. Nf6 e5 40. h5
Bxh5 41. Nxh5 Kxh5 42. Rg7 f4+ 43. Kh2 Kh6 44. Rg8 Ra7 45. Rb1 Rg7 46. Rxg7 Kxg7
47. Kh3 Kg6 48. Rb6+ Kg5 49. Rb7 h5 50. Rg7+ Kf6 51. Rg8 Re1 52. Kh2 Kf5 53.
Rf8+ Kg5 54. Rg8+ Kh4 55. Rg7 Re2 56. Rg8 Rd2 57. Rg7 Re2 58. Rg8 e4 59. fxe4 f3
60. e5 fxg2 61. Rxg2 Rxe5 62. Rg8 Re4 63. Rg2 Rg4 64. Rxg4+ hxg4 65. Kg2 g3 66.
Kg1 Kh3 67. Kh1 g2+ 68. Kg1 Kg3 1/2-1/2

[Event "World Rapid 2022"]
[Site "Almaty KAZ"]
[Date "2022.12.28"]
[Round "10.39"]
[White "Sjugirov, Sanan"]
[Black "Suleymanli, Aydin"]
[Result "0-1"]
[WhiteTitle "GM"]
[BlackTitle "GM"]
[WhiteElo "2712"]
[BlackElo "2543"]
[WhiteFideId "4189302"]
[BlackFideId "13413937"]
[EventDate "2022.12.26"]

1. d4 d5 2. c4 dxc4 3. e3 Nf6 4. Nf3 e6 5. Bxc4 a6 6. Bb3 c5 7. Nc3 b5 8. e4
cxd4 9. Nxd4 Bb7 10. O-O Nbd7 11. Qe2 Qb8 12. Rd1 Bd6 13. Bxe6 Bxh2+ 14. Kh1
fxe6 15. Nxe6 Kf7 16. Ng5+ Ke8 17. Nd5 h6 18. Nf3 Be5 19. Nxe5 Qxe5 20. Bf4 Qxe4
21. Nc7+ Ke7 22. Re1 Kf7 23. Qxe4 Nxe4 24. Nxa8 Bxa8 25. Kg1 Rc8 26. Rad1 Nef6
27. Rd6 a5 28. Ra6 a4 29. Ra7 Bd5 30. a3 Kg6 31. Re7 Rc4 32. Raxd7 Rxf4 33.
Rxg7+ Kf5 34. Rd6 Rc4 35. f3 Rc1+ 36. Kh2 Rc2 37. Kh3 Ke5 38. Rb6 Bc6 39. Rg6
Bd7+ 40. Kh2 Nd5 41. Rb7 Nf4 42. Rxh6 Rxg2+ 43. Kh1 Rg7 44. Kh2 Rg2+ 45. Kh1 Rg7
46. Kh2 Rg2+ 47. Kh1 Rd2 48. Kg1 Ne6 49. Rh2 Rd1+ 50. Kf2 Bc6 51. Rb6 Kd6 52.
Rb8 Kc7 53. Rbh8 Rd3 54. R2h7+ Kd6 55. f4 Nxf4 56. Rd8+ Kc5 57. Rc8 Rd6 58. Ke3
Nd5+ 59. Ke2 Nb6 60. Rf8 Nc4 61. Rh5+ Kb6 62. Rb8+ Ka7 63. Rbxb5 Bxb5 64. Rxb5
Rd2+ 65. Ke1 Rxb2 66. Rxb2 Nxb2 67. Kd2 Nc4+ 68. Kc3 Nb6 69. Kb4 Ka6 0-1

[Event "World Rapid 2022"]
[Site "Almaty KAZ"]
[Date "2022.12.28"]
[Round "10.40"]
[White "Moiseenko, Alexander"]
[Black "Nogerbek, Kazybek"]
[Result "1/2-1/2"]
[WhiteTitle "GM"]
[BlackTitle "IM"]
[WhiteElo "2577"]
[BlackElo "2468"]
[WhiteFideId "14102560"]
[BlackFideId "13710427"]
[EventDate "2022.12.26"]

1. d4 Nf6 2. c4 e6 3. Nc3 Bb4 4. Nf3 O-O 5. Bg5 h6 6. Bh4 c5 7. Rc1 cxd4 8. Nxd4
d5 9. cxd5 g5 10. Bg3 Qxd5 11. e3 Nc6 12. Nxc6 Qxd1+ 13. Kxd1 bxc6 14. Bd3 Be7
15. Na4 Rd8 16. Ke2 Rd5 17. b3 e5 18. e4 Ra5 19. f3 Nh5 20. Rxc6 Bd7 21. Rxh6
Bxa4 22. bxa4 Rxa4 23. Bb1 Nf4+ 24. Bxf4 exf4 25. Rc6 Rb8 26. Rd1 Kg7 27. Kf1
Bf6 28. Rc7 Rb2 29. Rc2 Rxc2 30. Bxc2 Rxa2 31. Bb3 Rb2 32. Bc4 Rb4 33. Ba2 Bd4
34. Ke2 Be3 35. Rb1 Ra4 36. Bd5 Bb6 37. Kd3 f5 38. Rb2 Kf6 39. Ke2 Ra5 40. Bb7
fxe4 41. Bxe4 Bd4 42. Rc2 Bg1 43. h3 Bc5 44. Kd3 Kg7 45. Kc4 Bb6 46. Rd2 Rc5+
47. Kb3 Kh6 48. Rd7 Rc7 49. Rxc7 Bxc7 1/2-1/2

[Event "World Rapid 2022"]
[Site "Almaty KAZ"]
[Date "2022.12.28"]
[Round "10.41"]
[White "Daneshvar, Bardiya"]
[Black "Puranik, Abhimanyu"]
[Result "1-0"]
[WhiteTitle "IM"]
[BlackTitle "GM"]
[WhiteElo "2500"]
[BlackElo "2616"]
[WhiteFideId "12576468"]
[BlackFideId "5061245"]
[EventDate "2022.12.26"]

1. Nf3 Nf6 2. c4 c5 3. Nc3 e6 4. g3 b6 5. e4 d6 6. d4 cxd4 7. Nxd4 Bb7 8. Bg2 a6
9. O-O Qc7 10. Qe2 Be7 11. Be3 O-O 12. Rac1 Nbd7 13. b3 Rfe8 14. h3 Bf8 15. Rfd1
Rac8 16. Rc2 Qb8 17. Qe1 Nc5 18. Bg5 Be7 19. Bc1 Qa8 20. Re2 Bf8 21. Bb2 Red8
22. Kh2 g6 23. f3 Bg7 24. Red2 h5 25. Nde2 Qb8 26. h4 Bc6 27. Nf4 Be8 28. Bf1 b5
29. b4 Ncd7 30. cxb5 Ne5 31. Bg2 axb5 32. Ba1 Rc4 33. Nce2 Rcc8 34. Bxe5 dxe5
35. Nd3 Bh6 36. Rb2 Rd6 37. Nc5 Rcd8 38. Rxd6 Rxd6 39. Nc3 Rd4 40. Qe2 Kg7 41.
a3 g5 42. hxg5 Bxg5 43. Bf1 Qd8 44. Qf2 h4 45. g4 Bf4+ 46. Kh1 Nh7 47. Ne2 Rd2
48. Rxd2 Qxd2 49. Qxh4 Ng5 50. Nxf4 Qxf4 51. Bg2 Nxf3 52. Bxf3 Qxf3+ 53. Kh2
Qf4+ 54. Kh3 Bc6 55. g5 Qf3+ 56. Kh2 Qe3 57. Nxe6+ Kg8 58. Nc5 Qxa3 59. g6 Qb2+
60. Kg3 Qc3+ 61. Kg4 fxg6 62. Qd8+ Kh7 63. Qe7+ Kg8 64. Ne6 1-0

[Event "World Rapid 2022"]
[Site "Almaty KAZ"]
[Date "2022.12.28"]
[Round "10.42"]
[White "Vallejo Pons, Francisco"]
[Black "Tsaruk, Maksim"]
[Result "1-0"]
[WhiteTitle "GM"]
[BlackTitle "FM"]
[WhiteElo "2716"]
[BlackElo "2373"]
[WhiteFideId "2205530"]
[BlackFideId "13511173"]
[EventDate "2022.12.26"]

1. e4 e5 2. Nf3 Nc6 3. d4 exd4 4. Nxd4 Qf6 5. Nb3 Bb4+ 6. c3 Be7 7. Bd3 Ne5 8.
Bc2 Qd6 9. Nd4 c5 10. Nb5 Qc6 11. a4 Nf6 12. O-O O-O 13. f4 Ng6 14. e5 Ne8 15.
Nd2 d6 16. Nc4 dxe5 17. Qe2 a6 18. f5 Nh4 19. Be4 Qf6 20. Nba3 Rb8 21. Ne3 Nc7
22. g3 b5 23. Ng4 Qb6 24. gxh4 Bxh4 25. a5 Qd6 26. Qg2 Kh8 27. Be3 Qe7 28. Rad1
Bg5 29. Bxg5 Qxg5 30. Nc2 f6 31. Rd3 b4 32. cxb4 cxb4 33. Rg3 b3 34. Nce3 Rb4
35. Nxe5 Qh4 36. Rg4 Qh6 37. N5c4 Re8 38. Qg3 Nb5 39. Rff4 Nd4 40. Qf2 g5 41.
fxg6 Bxg4 42. Rxg4 Rxc4 1-0

[Event "World Rapid 2022"]
[Site "Almaty KAZ"]
[Date "2022.12.28"]
[Round "10.43"]
[White "Shankland, Sam"]
[Black "Jumabayev, Rinat"]
[Result "1/2-1/2"]
[WhiteTitle "GM"]
[BlackTitle "GM"]
[WhiteElo "2710"]
[BlackElo "2609"]
[WhiteFideId "2004887"]
[BlackFideId "13702661"]
[EventDate "2022.12.26"]

1. e4 d6 2. d4 g6 3. Be3 Bg7 4. Qd2 a6 5. f3 Nd7 6. c4 Ngf6 7. Nc3 O-O 8. Nh3 c6
9. c5 b6 10. cxd6 exd6 11. Be2 b5 12. O-O Re8 13. Nf4 Bb7 14. Rfd1 Qe7 15. Bf2
h6 16. Rac1 Rad8 17. Qc2 g5 18. Nd3 c5 19. dxc5 dxc5 20. b3 Rc8 21. Qd2 c4 22.
bxc4 bxc4 23. Nb2 Ne5 24. Qd6 g4 25. Qxe7 Rxe7 26. Nca4 gxf3 27. gxf3 Nh5 28.
Nb6 Rc6 29. Nd5 Rg6+ 30. Kf1 Bxd5 31. exd5 Nf4 32. d6 Rd7 33. Nxc4 Nxe2 34. Kxe2
Nxc4 35. Rxc4 Rgxd6 36. Rxd6 Rxd6 37. a4 Be5 38. Bg3 Bxg3 39. hxg3 Kg7 40. Ke3
Kf6 41. Rc5 Rb6 42. g4 Rb3+ 43. Kf2 Rb6 44. Kg3 Kg6 45. a5 Re6 46. f4 Rd6 47.
Kh4 Kg7 48. Re5 Rd4 49. f5 Ra4 50. Rc5 Ra3 51. Rd5 Ra1 52. Rc5 Ra4 53. Kg3 Kf6
54. Kh4 Kg7 55. Kg3 Kf6 56. Kh4 1/2-1/2

[Event "World Rapid 2022"]
[Site "Almaty KAZ"]
[Date "2022.12.28"]
[Round "10.44"]
[White "Harikrishna, Pentala"]
[Black "Idani, Pouya"]
[Result "1-0"]
[WhiteTitle "GM"]
[BlackTitle "GM"]
[WhiteElo "2705"]
[BlackElo "2637"]
[WhiteFideId "5007003"]
[BlackFideId "12510130"]
[EventDate "2022.12.26"]

1. Nf3 Nf6 2. g3 b5 3. Bg2 Bb7 4. O-O e6 5. d3 c5 6. e4 d6 7. a4 b4 8. Nbd2 Be7
9. e5 dxe5 10. Nxe5 Bxg2 11. Kxg2 Qd5+ 12. Qf3 O-O 13. Re1 Qxf3+ 14. Kxf3 Nfd7
15. Nxd7 Nxd7 16. Nc4 Nb6 17. Nxb6 axb6 18. Bf4 Bf6 19. Be5 Bxe5 20. Rxe5 Rfd8
21. b3 Kf8 22. Rae1 Ke7 23. h4 g6 24. g4 Rd6 25. Kg3 Rad8 26. f4 Rd5 27. Kf3 Kf6
28. Rxd5 Rxd5 29. Ra1 h5 30. g5+ Kf5 31. a5 bxa5 32. Rxa5 e5 33. Ra6 exf4 34.
Rf6+ Ke5 35. Rxf7 Kd4 36. Rxf4+ Kc3 37. Rc4+ Kd2 38. Ke4 Rf5 39. d4 cxd4 40.
Rxd4+ Kxc2 41. Rxb4 Rf1 42. Rb6 Rh1 43. Rxg6 Rxh4+ 44. Kf5 Rh1 45. Rh6 h4 46.
Kg4 Rg1+ 47. Kxh4 Kxb3 48. Rc6 1-0

[Event "World Rapid 2022"]
[Site "Almaty KAZ"]
[Date "2022.12.28"]
[Round "10.45"]
[White "Hovhannisyan, Robert"]
[Black "Pantsulaia, Levan"]
[Result "1-0"]
[WhiteTitle "GM"]
[BlackTitle "GM"]
[WhiteElo "2597"]
[BlackElo "2597"]
[WhiteFideId "13302507"]
[BlackFideId "13602071"]
[EventDate "2022.12.26"]

1. e4 c6 2. d4 d5 3. e5 Bf5 4. Nf3 e6 5. Be2 c5 6. Be3 Qb6 7. Nc3 Nc6 8. O-O
Qxb2 9. Qe1 c4 10. Rb1 Qa3 11. Nb5 Qa4 12. Nc7+ Kd7 13. Nxa8 Kc8 14. Ng5 Nh6 15.
Bh5 Bb4 16. Bd2 Be7 17. c3 Kb8 18. Nb6 axb6 19. Rxb6 Kc7 20. Rb2 Ba3 21. Rb1 Rf8
22. Bd1 Qa5 23. Bf3 Bxb1 24. Qxb1 Nxd4 25. Qxh7 Nxf3+ 26. Nxf3 Nf5 27. g4 Qa8
28. Qh5 Ne7 29. Nd4 Bc5 30. Be3 Bxd4 31. Bxd4 Ng6 32. Qg5 Rh8 33. Qd2 Ne7 34.
Bc5 Nc6 35. Rb1 Kc8 36. Bd6 Qa5 37. a3 d4 38. Qf4 dxc3 39. Qxf7 Nd8 40. Qxg7 Rh3
41. Rc1 Rd3 42. h4 Rd2 43. Rxc3 Rd1+ 44. Kh2 Qb6 45. Rxc4+ Nc6 46. Qg8+ Kd7 47.
Qf7+ Kd8 48. Ra4 Na5 49. Qe7+ Kc8 50. Qe8+ 1-0

[Event "World Rapid 2022"]
[Site "Almaty KAZ"]
[Date "2022.12.28"]
[Round "10.46"]
[White "Asadli, Vugar"]
[Black "Moussard, Jules"]
[Result "1-0"]
[WhiteTitle "GM"]
[BlackTitle "GM"]
[WhiteElo "2567"]
[BlackElo "2684"]
[WhiteFideId "13405764"]
[BlackFideId "642908"]
[EventDate "2022.12.26"]

1. d4 Nf6 2. Nf3 e6 3. c3 b6 4. Bf4 Bb7 5. e3 Nh5 6. Bg5 Be7 7. Bxe7 Qxe7 8.
Nbd2 O-O 9. g4 Nf6 10. Rg1 d6 11. Qc2 e5 12. g5 Nfd7 13. Bd3 g6 14. O-O-O Re8
15. dxe5 Nxe5 16. Nxe5 Qxe5 17. h4 Nd7 18. h5 Nc5 19. Bc4 Kg7 20. Rg4 Ne4 21.
h6+ Kf8 22. Nf3 Qc5 23. Bb3 Re7 24. Rf4 b5 25. Nd4 Nxg5 26. Rg1 Ke8 27. Nxb5 a6
28. Rc4 Qxb5 29. Ba4 Nf3 30. Rd1 f5 31. Qb3 Kf8 32. Bxb5 axb5 33. Qxb5 Be4 34.
Ra4 Rae8 35. Rxe4 fxe4 36. a4 Ne5 37. a5 Nd3+ 38. Rxd3 exd3 39. Qxd3 Re5 40. a6
Ra8 41. b4 Ke7 42. Kc2 Kd7 43. Kb3 c6 44. Qc4 Rf5 45. Qd4 Ke6 46. Qb6 Rxf2 47.
Qxc6 Rff8 48. Qe4+ Kf6 49. b5 Kg5 50. Qe7+ Kxh6 51. a7 Rf5 52. c4 Re5 53. Qh4+
Kg7 54. Qd4 Kf7 55. b6 Ra5 56. Qxd6 Re8 57. Qd7+ Re7 58. a8=Q Rxa8 1-0

[Event "World Rapid 2022"]
[Site "Almaty KAZ"]
[Date "2022.12.28"]
[Round "10.47"]
[White "Uskov, Artem"]
[Black "Savchenko, Boris"]
[Result "1-0"]
[WhiteTitle "FM"]
[BlackTitle "GM"]
[WhiteElo "2376"]
[BlackElo "2552"]
[WhiteFideId "34254854"]
[BlackFideId "4147332"]
[EventDate "2022.12.26"]

1. e4 g6 2. d4 Bg7 3. Nc3 a6 4. f4 d6 5. Be3 b5 6. a3 Nd7 7. Nf3 Bb7 8. Qd2 Rc8
9. Rd1 c5 10. d5 Ngf6 11. e5 b4 12. exf6 bxc3 13. Qxc3 Nxf6 14. Bc4 O-O 15. Qd3
e6 16. dxe6 d5 17. exf7+ Rxf7 18. O-O Qe8 19. Ba2 Ng4 20. Rfe1 c4 21. Qd2 Nxe3
22. Rxe3 Qb5 23. c3 Rxf4 24. Rde1 Rcf8 25. Re7 R4f7 26. Qf2 Bc8 27. h3 Bf6 28.
Rxf7 Rxf7 29. Bb1 Be7 30. Kh1 Bd6 31. Qd2 Qc5 32. Nd4 Bd7 33. Qg5 Bf4 34. Qh4
Qc7 35. Rd1 Bg3 36. Qg5 Qd6 37. Nf3 Be6 38. Qe3 Bf4 39. Qd4 Bh6 40. Be4 Rf4 41.
Qe3 Qf8 42. Bxd5 Bxd5 43. Rxd5 Rf6 44. Qd4 Rxf3 45. Rd8 Rf1+ 46. Kh2 Bf4+ 47. g3
Bxg3+ 48. Kxg3 Rf3+ 49. Kg4 Rf4+ 50. Qxf4 Qxd8 51. Qxc4+ Kf8 52. Qb4+ Kf7 53.
Qc4+ Kf8 54. Qxa6 Qd1+ 55. Kf4 Qd2+ 56. Ke5 Qh2+ 57. Kd5 Qg2+ 58. Kc5 Qf2+ 59.
Kc6 h5 60. Qc8+ Kg7 61. Qb7+ Kh6 62. a4 Qg2+ 63. Kc7 Qh2+ 64. Kd8 Qxh3 65. a5
Qh4+ 66. Kc8 Qg4+ 67. Kb8 Qf4+ 68. Qc7 Qf8+ 69. Kb7 Qf3+ 70. Kb8 Qf8+ 71. Ka7 h4
72. a6 h3 73. Qg3 Qf1 74. Kb8 Qb5+ 75. Kc7 Qc5+ 76. Kb7 Qe7+ 77. Kb6 Qe6+ 78.
Kc5 Qe7+ 79. Kc4 Qe2+ 80. Kc5 Qg2 81. Qh4+ Kg7 82. a7 Qg1+ 83. Qd4+ 1-0

[Event "World Rapid 2022"]
[Site "Almaty KAZ"]
[Date "2022.12.28"]
[Round "10.48"]
[White "Gharibyan, Mamikon"]
[Black "Harsha, Bharathakoti"]
[Result "1-0"]
[WhiteTitle "IM"]
[BlackTitle "GM"]
[WhiteElo "2480"]
[BlackElo "2593"]
[WhiteFideId "13308300"]
[BlackFideId "5078776"]
[EventDate "2022.12.26"]

1. d4 d5 2. c4 e6 3. Nf3 c6 4. e3 Nf6 5. b3 Ne4 6. Bd3 Bb4+ 7. Nbd2 f5 8. O-O
Nd7 9. a3 Bd6 10. Bb2 Qf6 11. Ne1 Qh6 12. Ndf3 O-O 13. Ne5 Nxe5 14. dxe5 Be7 15.
Qe2 Bd7 16. b4 Rfd8 17. f3 Ng5 18. Nc2 Be8 19. Nd4 Bh5 20. Qf2 Nf7 21. f4 Rdc8
22. Qg3 Bf8 23. Rac1 Nd8 24. Rc2 Be8 25. Rfc1 Bd7 26. Qe1 dxc4 27. Bxc4 Kh8 28.
Qd1 Be8 29. g4 fxg4 30. Qxg4 Bf7 31. Bd3 a5 32. b5 c5 33. Nf3 Be7 34. Rg2 Rc7
35. Rf1 Rd7 36. Bc4 Qg6 37. Ng5 Bxg5 38. fxg5 b6 39. h4 Nb7 40. Rgf2 h5 41. Qf3
Bg8 42. Ba2 Qe8 43. Bb1 Bh7 44. Qf8+ Qxf8 45. Rxf8+ Rxf8 46. Rxf8+ Bg8 47. Be4
a4 48. Bc3 Rd8 49. Rxd8 Nxd8 50. g6 1-0